000 00872cab a2200181 4500
001 ##L133312
008 060502n2006 000 0 eng u
035 _a(Sirsi) u133312
041 0 _aeng
110 2 _aEstates Gazette Interactive
_94921
245 0 0 _aMarket analysis
_bLondon office database: issue 1 Jan-March 2006
260 _c2006
490 0 _aEstates Gazette
_v(0616) 22 April 2006, (17)
520 _aFirst free report derived from EGI's "London office database" (LOD), the online independent research service for those active in the Central London office market. Provides a wide range of statistics, league tables and commentary on agents' market share, market parameters and area activity. Explains what LOD monitors and lists definitions of terms used.
590 _c2006
690 _aPROPERTY-COMMERCIAL PROPERTY-OFFICE PROPERTY-OFFICES
942 _n0
999 _c76925
_d76925